000 00809nam a22002297a 4500
999 _c1896
_d1896
003 AR-CdUCM
008 190228b ||||| |||| 00| 0 spa d
040 _aMUNICIPALIDAD PROVINCIAL DEL CUSCO
_cBIBLIOTECA MUNICIPAL DEL CUSCO
082 _a842.408 /
_bL55
100 _aLeyva, Josefina.
_96940
245 _aTeatro clásico francés :
_bCorneille, Moliere, Racine /
260 _aLa Habana :
_bInstituto Cubano del Libro,
_c1972.
300 _a255 páginas ;
_c20 cm.
505 _aHonor, ambición y amor en el teatro clásico francés - Corneille El Cid - Moliere Tartufo - Racine Fedra - Sobre los autores.
650 _aEl Cid.
_95501
650 _aTartufo.
_96941
650 _aFedra.
_96942
650 _aTeatro.
_9173
650 _aArte.
_9561
942 _2ddc
_cLIBROS
945 _admma
_d2019-02-28